00351 a2200097 4500001001000000005001700010008004100027245009500068100001900163773007100182ART_4347920260410162024.0260409a 10aCan the Mortensen-Pissarides model with productivity changes explain U.S. wage inequality?1 aWong, Linda Y.0 tJournal of labor economicsg- Vol. 21, NÂș 1 (ene. 2003)wREV43438